000 00458nam a2200181Ia 4500
003 GCL
008 140319s9999 xx 000 0 eng d
040 _aGCL /
_cGCL
082 0 4 _a005.74
_bL O
100 1 _aLAVARDE, ERIC
245 1 0 _aOS\2 WARP VERSION 3 FACILE /
_cLAVARDE, ERIC
260 _a[S.N] :
_bMARABOUT UNIVERSITE ،
_c1995
300 _a280 P
650 0 4 _aOS\2
650 0 4 _aINFORMATION TECHNOLOGY
650 0 4 _aCD - ROM
942 _2ddc
_cBK
999 _c24467
_d24467